[Event "US Championship"]
[Site "St Louis, MO USA"]
[Date "2018.04.29"]
[EventDate "2018.04.18"]
[Round "11"]
[Result "1/2-1/2"]
[White "Varuzhan Eduardovich Akobian"]
[Black "Yaroslav Zherebukh"]
[WhiteElo "2647"]
[BlackElo "2640"]
[PlyCount "63"]

1. d4 Nf6 2. c4 g6 3. Nc3 d5 4. Bf4 Bg7 5. e3 O-O 6. Rc1 Be6
7. cxd5 Nxd5 8. Nxd5 Qxd5 9. b3 Qa5+ 10. Qd2 Qxd2+ 11. Kxd2 c6
12. Nf3 Bd5 13. Bc4 Bxf3 14. gxf3 e6 15. b4 a6 16. a4 Nd7
17. Bd6 Rfd8 18. Ke2 Bf8 19. Bxf8 Kxf8 20. a5 Nf6 21. f4 Rd7
22. Kf3 Rad8 23. Rhg1 Ke7 24. Bb3 h5 25. h3 Rd6 26. Rg5 R8d7
27. Re5 Rd8 28. Rec5 R6d7 29. Re5 Rd6 30. Rec5 R6d7 31. Re5
Rd6 32. Rec5 1/2-1/2

[Event "US Championship"]
[Site "St Louis, MO USA"]
[Date "2018.04.29"]
[EventDate "2018.04.18"]
[Round "11.4"]
[Result "0-1"]
[White "Jeffery Xiong"]
[Black "Ray Robson"]
[WhiteElo "2665"]
[BlackElo "2660"]
[PlyCount "74"]

1. e4 e5 2. Nf3 Nc6 3. Bc4 Bc5 4. c3 Nf6 5. d3 d6 6. a4 a5
7. Bg5 h6 8. Bh4 g5 9. Bg3 O-O 10. O-O Ba7 11. Na3 Bg4 12. Kh1
Kg7 13. Nc2 d5 14. exd5 Nxd5 15. d4 exd4 16. cxd4 Nce7 17. Ne3
Nxe3 18. fxe3 Nf5 19. Qb3 f6 20. Rae1 Nxg3+ 21. hxg3 Bb6
22. Nd2 h5 23. Bd3 h4 24. gxh4 Rh8 25. Kg1 Rxh4 26. Ne4 Rh6
27. Bb1 Qe7 28. Ng3 Qd6 29. Rf3 Kh8 30. Nf5 Qh2+ 31. Kf2 Bxf3
32. Kxf3 g4+ 33. Kf2 g3+ 34. Kf3 Rh7 35. Qe6 Qh5+ 36. Kxg3
Rg8+ 37. Kf2 Rxg2+ 0-1